|
|
|
|
| LEADER |
00000nam2a2200000 4500 |
| 001 |
346735 |
| 005 |
20231102005923.0 |
| 035 |
|
|
|a (RuTPU)RU\TPU\book\378619
|
| 035 |
|
|
|a RU\TPU\book\378452
|
| 090 |
|
|
|a 346735
|
| 100 |
|
|
|a 20211111d1979 k y0rusy50 ca
|
| 101 |
0 |
|
|a rus
|
| 102 |
|
|
|a RU
|
| 105 |
|
|
|a y ad 001zy
|
| 200 |
0 |
|
|a Т. 8. Ч. 1 : РСФСР. Горьковская, Ивановская, Кировская, Костромская области, Марийская, Мордовская, Удмуртская и Чувашская АССР. Период 1961-1965 гг. Вып. 1 : Опубликованные работы
|f Средне-Волжская комплексная геологоразведочная экспедиция
|
| 210 |
|
|
|d 1979
|
| 215 |
|
|
|a 608 с.
|
| 320 |
|
|
|a Авторский указатель: с. 559-572
|
| 320 |
|
|
|a Предметно-систематический указатель: с. 573-575
|
| 320 |
|
|
|a Географический указатель: с. 575-605
|
| 320 |
|
|
|a Указатель минералов, полезных ископаемых и месторождений: с. 605-607
|
| 461 |
|
1 |
|0 (RuTPU)RU\TPU\book\58444
|t Геологическая изученность СССР
|o [обзорные главы, рефераты, аннотации и библиографические справки]
|f Академия Наук СССР, Комиссия по геологической изученности СССР, гл. ред. В. В. Тихомиров
|v Т. 8. Ч. 1 : РСФСР. Горьковская, Ивановская, Кировская, Костромская области, Марийская, Мордовская, Удмуртская и Чувашская АССР. Период 1961-1965 гг. Вып. 1 : Опубликованные работы
|d 1961-1988
|
| 606 |
1 |
|
|a Геологическая изученность
|y СССР
|2 stltpush
|3 (RuTPU)RU\TPU\subj\6035
|9 34000
|
| 610 |
1 |
|
|a геология
|
| 610 |
1 |
|
|a геологическое районирование
|
| 610 |
1 |
|
|a геологические исследования
|
| 610 |
1 |
|
|a Центральная Россия
|
| 610 |
1 |
|
|a опубликованные источники
|
| 610 |
1 |
|
|a рефераты
|
| 610 |
1 |
|
|a библиографические пособия
|
| 610 |
1 |
|
|a Поволжье
|
| 610 |
1 |
|
|a 20 век
|
| 610 |
1 |
|
|a рефераты
|
| 675 |
|
|
|a 55(47+57)
|v 4
|
| 675 |
|
|
|a 55(470.4)
|v 4
|
| 712 |
0 |
2 |
|a Средне-Волжская комплексная геологоразведочная экспедиция
|2 stltpush
|3 (RuTPU)RU\TPU\col\27840
|9 28910
|
| 801 |
|
1 |
|a RU
|b 63413507
|c 20120207
|
| 801 |
|
2 |
|a RU
|b 63413507
|c 20220926
|g RCR
|
| 942 |
|
|
|c BK
|